MARC details
| 000 -CABECERA |
| campo de control de longitud fija |
02822nam a2200277 i 4500 |
| 003 - IDENTIFICADOR DEL NÚMERO DE CONTROL |
| campo de control |
DO-SdBNP |
| 005 - FECHA Y HORA DE LA ÚLTIMA TRANSACCIÓN |
| campo de control |
20250915110718.0 |
| 007 - CAMPO FIJO DE DESCRIPCIÓN FÍSICA--INFORMACIÓN GENERAL |
| campo de control de longitud fija |
ta |
| 008 - DATOS DE LONGITUD FIJA--INFORMACIÓN GENERAL |
| campo de control de longitud fija |
150603s2015 dr 000 f spa d |
| 020 ## - NÚMERO INTERNACIONAL ESTÁNDAR DEL LIBRO |
| Número Internacional Estándar del Libro |
9789945408928 |
| 040 ## - FUENTE DE LA CATALOGACIÓN |
| Centro catalogador/agencia de origen |
DO-SdBNP |
| Lengua de catalogación |
spa |
| Centro/agencia transcriptor |
BNPHU |
| Normas de descripción |
rda |
| 041 ## - CÓDIGO DE LENGUA |
| Código de lengua del texto/banda sonora o título independiente |
spa |
| 082 ## - NÚMERO DE LA CLASIFICACIÓN DECIMAL DEWEY |
| Número de clasificación |
xxxx |
| Número de documento/Ítem |
G633 |
| Número de edición |
22 |
| 100 1# - ENTRADA PRINCIPAL--NOMBRE DE PERSONA |
| Nombre de persona |
Gómez Cerda, José |
| Término indicativo de función/relación |
autor |
| Código de función/relación |
aut. |
| 9 (RLIN) |
8583 |
| 245 10 - MENCIÓN DE TÍTULO |
| Título |
¡Mirar siempre adelante! : |
| Resto del título |
novela / |
| Mención de responsabilidad, etc. |
José Goméz Cerda. |
| 264 #4 - PRODUCCIÓN, PUBLICACIÓN, DISTRIBUCIÓN, FABRICACIÓN Y COPYRIGHT |
| Producción, publicación, distribución, fabricación y copyright |
Santo Domingo : |
| Nombre del de productor, editor, distribuidor, fabricante |
Editorial Argos, |
| Fecha de producción, publicación, distribución, fabricación o copyright |
©2015. |
| 300 ## - DESCRIPCIÓN FÍSICA |
| Extensión |
150 páginas ; |
| Dimensiones |
22 cm. |
| 336 ## - TIPO DE CONTENIDO |
| Término de tipo de contenido |
texto |
| Código de tipo de contenido |
txt |
| Fuente |
rdacontent |
| 337 ## - TIPO DE MEDIO |
| Nombre/término del tipo de medio |
sin mediación |
| Código del tipo de medio |
n |
| Fuente |
rdamedia |
| 338 ## - TIPO DE SOPORTE |
| Nombre/término del tipo de soporte |
volumen |
| Código del tipo de soporte |
nc |
| Fuente |
rdacarrier |
| 500 ## - NOTA GENERAL |
| Nota general |
Incluye datos biográficos del autor en las solapas. |
| 520 ## - SUMARIO, ETC. |
| Sumario, etc. |
Mirar siempre adelante» está escrita en el género del Realismo Crítico, un tránsito de lo explícito a lo implícito, de lo que se expresa claro en una cosa a lo que se entiende incluido en otra, sin expresarlo, se da cuando nuestras facultades cognoscitivas, lo que es capaz de conocer, capta lo real de un dato o principio de naturaleza, va hacia lo que es una reflexión.<br/><br/>La novela refleja la realidad política, económica y social de la República Dominicana.<br/><br/>Esta obra muestra una relación de personajes, su entorno político, económico y social, del cual son exponentes, como testimonios de una época. Analiza, reproduce y denuncia los males que aquejan a nuestra sociedad.<br/><br/>¡Mirar siempre adelante! trata sobre temas de actualidad como la política, el poder legislativo, la economía, la corrupción, la educación, la seguridad social, el sindicalismo y otros temas de la sociedad dominicana, narrada por personajes que exponen sus criterios.<br/><br/>La obra refleja situaciones reales, con críticas, propuestas; principios y valores del humanismo integral.<br/><br/>¡Mirar siempre adelante! Es una obra que establece lineamientos humanistas para jóvenes que están en la política activa;<br/>es un análisis e interpretación de la realidad dominicana, que puede servir de ejemplo para una nueva forma y estilo de enfrentar los problemas, con soluciones eficaces.<br/><br/>Los principales protagonistas son jóvenes, de formación superior, que se comprometen con la actividad política, con una nueva y moderna concepción que debe ser honesta, responsable, a favor de los más pobres.<br/><br/>El espacio de la trama se desarrolla en la República Dominicana, refleja la actualidad de hoy y aquí.<br/><br/>El realismo crítico equivale a juzgar, conforme a las exigencias del objeto que está sujeto a examen. Las razones de la crítica parten de una concepción consciente verificable. La percepción es esa sensación anterior que resulta de una impresión material hecha en nuestros sentidos. |
| 590 ## - NOTA LOCAL (RLIN) |
| Nota local |
Inventariado, 2025/ YL |
| 910 ## - DATOS DE OPCIÓN DEL USUARIO (OCLC) |
| Datos de opción del usuario |
YLockward |
| 942 ## - ELEMENTOS DE PUNTO DE ACCESO ADICIONAL (KOHA) |
| Fuente del sistema de clasificación o colocación |
Dewey Decimal Classification |
| Tipo de ítem Koha |
Libro |